Statistics for AFL 2023 Key Forward Picture Quiz

Click here to take the quiz!

General Stats

  • This quiz has been taken 51 times
  • The average score is 35 of 50

Answer Stats

Answer% Correct
Charlie Curnow
100%
Taylor Walker
100%
Joe Daniher
98%
Tom Hawkins
98%
Jeremy Cameron
96%
Harry McKay
89%
Lance Franklin
89%
Nick Larkey
89%
Oscar Allen
89%
Eric Hipwood
87%
Max King
87%
Ben King
85%
Charlie Dixon
85%
Tom Lynch
85%
Aaron Naughton
83%
Jesse Hogan
83%
Mabior Chol
81%
Jamarra Ugle-Hagan
79%
Kyle Langford
79%
Peter Wright
79%
Rory Lobb
79%
Ben Brown
77%
Jack Riewoldt
74%
Dan McStay
72%
Ash Johnson
70%
Jack Darling
70%
Jacob van Rooyen
70%
Jeremy Finlayson
70%
Todd Marshall
70%
Jye Amiss
68%
Brody Mihocek
66%
Levi Casboult
66%
Logan McDonald
62%
Tom McDonald
62%
Darcy Fogarty
60%
Mitch Lewis
60%
Callum Coleman-Jones
57%
Harrison Jones
57%
Jacob Koschitzke
53%
Joel Amartey
51%
Aaron Cadman
49%
Jake Riccardi
45%
Jack Lukosius
43%
Riley Thilthorpe
43%
Tim Membrey
43%
Anthony Caminiti
40%
Ollie Lord
38%
Sam Weideman
36%
Josh Treacy
28%
Matt Taberner
28%

Score Distribution

Percentile by Number Answered

Percent of People with Each Score

Your Score History

You have not taken this quiz